| 000 | 00754nam a2200277 i 4500 | ||
|---|---|---|---|
| 001 | 48231 | ||
| 003 | ES-MaBCM | ||
| 005 | 20241016105045.0 | ||
| 008 | 970808s1997 esp 000 0 spa d | ||
| 017 | _aM.14191-1997 | ||
| 020 | _a84-7248-433-5 | ||
| 021 | _axx | ||
| 035 | _a(OCoLC)37758121 | ||
| 040 | _cES-MaBCM | ||
| 041 | 0 | _aspa | |
| 043 | _aesp | ||
| 080 | _a368.4(460) | ||
| 100 | 1 |
_aUrquizu Cavalle, Ángel _947279 |
|
| 245 | 1 | 4 |
_aLas cotizaciones a la seguridad social _cÁngel Urquizu Cavalle |
| 260 |
_aMadrid : _bMarcial Pons, Ediciones Jurídicas y Sociales, _c1997 |
||
| 300 |
_a305 p. _c24 cm |
||
| 440 | 0 |
_aMongrafías jurídicas _999288 |
|
| 650 | 2 | 7 |
_aCotización social _958170 |
| 651 | 2 | 4 |
_aEspaña _9115342 |
| 942 | _cBK | ||
| 999 |
_c48231 _d48231 |
||